NBA 5-footers - Statistics

General Stats
  • This quiz has been taken 8 times
  • The average score is 7 of 141
Answer Stats
Rk Player PSP Ht Start Year End Year Team PSPPG % Correct
4 Muggsy Bogues 24504 5-3 1988 2001 WSB,CHH,GSW,TOR 26.99
88%
7 Spud Webb 20365 5-6 1986 1998 ATL,SAC,MIN,ORL 23.87
88%
10 Isaiah Thomas 17850 5-9 2012 2024 SAC,BOS,PHO,CLE,LAL,DEN,WAS,NOP,CHO,DAL 30.62
63%
17 Nate Robinson 12975 5-9 2006 2016 NYK,BOS,OKC,GSW,CHI,DEN,LAC,NOP 19.96
50%
19 Earl Boykins 11624 5-5 1999 2012 CLE,NJN,ORL,LAC,GSW,DEN,MIL,CHA,WAS,HOU 17.43
38%
1 Calvin Murphy 31604 5-9 1971 1983 SDR,HOU 30.01
25%
2 Damon Stoudamire 27777 5-10 1996 2008 TOR,POR,MEM,SAS 29.84
25%
13 J.J. Barea 16924 5-10 2007 2020 DAL,MIN 19.21
25%
111 Pierre Jackson 84 5-10 2017 2017 DAL 10.5
25%
114 Adonis Jordan 75 5-11 1994 1999 DEN,MIL 7.5
13%
3 Avery Johnson 25793 5-10 1989 2004 SEA,DEN,SAS,HOU,GSW,DAL 22.55
13%
103 Bucky McConnell 184 5-10 1953 1953 MLH 13.14
13%
109 Carldell Johnson 88 5-10 2012 2012 NOH 5.87
13%
81 Carsen Edwards 485 5-11 2020 2022 BOS,DET 6.38
13%
15 Chucky Atkins 13916 5-11 2000 2010 ORL,DET,BOS,LAL,MEM,WAS,DEN,OKC 19.01
13%
48 Curly Armstrong 1898 5-11 1949 1951 FTW 11.94
13%
8 D.J. Augustin 19743 5-11 2009 2022 CHA,IND,CHI,TOR,DET,OKC,DEN,ORL,HOU,MIL,LAL 19.47
13%
18 Johnny Egan 11771 5-11 1962 1972 DET,NYK,BAL,LAL,CLE,SDR,HOU 15.61
13%
107 Mark Wade 103 5-11 1988 1990 GSW,DAL 8.58
13%
6 Michael Adams 21650 5-10 1986 1996 SAC,WSB,DEN,CHH 32.17
13%
74 Michael Anderson 646 5-11 1989 1989 SAS 17.94
13%
52 Phil Pressey 1682 5-11 2014 2016 BOS,PHI,PHO 11.21
13%
35 Ralph Johnson 3468 5-11 1950 1953 AND,FTW 16.28
13%
40 Robert Smith 2556 5-11 1978 1985 DEN,NJN,UTA,CLE,MIL,SAS,SDC 10.02
13%
5 Terrell Brandon 23236 5-11 1992 2002 CLE,MIL,MIN 30.49
13%
87 Tremont Waters 401 5-10 2020 2022 BOS,TOR,WAS 8.91
13%
14 Ty Lawson 16653 5-11 2010 2017 DEN,HOU,IND,SAC,WAS 28.37
13%
124 Yuki Kawamura 24 5-8 2025 2025 MEM 2.4
13%
33 Al Cervi 3619 5-11 1950 1953 SYR 15.8
0%
59 Al Masino 1088 5-10 1953 1954 MLH,ROC,SYR 9.71
0%
75 Andre Barrett 590 5-10 2005 2008 HOU,ORL,PHO,TOR,CHI,LAC 8.81
0%
43 Andre Turner 2392 5-11 1987 1992 BOS,HOU,MIL,CHH,LAC,PHI,WSB 13.44
0%
49 Angelo Musi 1823 5-9 1947 1949 PHW 9.8
0%
105 Bato Govedarica 141 5-11 1954 1954 SYR 6.13
0%
27 Bill Gabor 5169 5-11 1950 1955 SYR 15.07
0%
97 Billy Donovan 321 5-11 1988 1988 NYK 7.3
0%
65 Billy Hassett 824 5-11 1950 1951 MNL,TRI,BLB 8.41
0%
63 Bobby Cook 924 5-10 1950 1950 SHE 17.11
0%
50 Bobby Washington 1760 5-11 1970 1972 CLE 15.17
0%
91 Bob Royer 367 5-10 1950 1950 DNN 8.74
0%
133 Bob Wood 9 5-10 1950 1950 SHE 1.5
0%
11 Brevin Knight 17585 5-10 1998 2009 CLE,ATL,MEM,MIL,PHO,WAS,CHA,LAC,UTA 23.67
0%
129 Buck Sydnor 15 5-10 1947 1947 CHS 1
0%
51 Buddy Jeannette 1710 5-11 1948 1950 BLB 11.18
0%
68 Buddy O'Grady 765 5-11 1947 1949 WSC,STB,PRO 4.81
0%
110 Casper Ware 85 5-10 2014 2014 PHI 9.44
0%
24 Charlie Criss 7517 5-8 1978 1985 ATL,SDC,MIL 16.97
0%
85 Charlie Hoefer 433 5-9 1947 1948 BOS,TRH 6.66
0%
106 Chet Aubuchon 105 5-10 1947 1947 DTF 3.5
0%
39 Chick Reiser 2661 5-11 1948 1950 BLB,WSC 14.23
0%
61 Chris Chiozza 984 5-11 2019 2022 HOU,BRK,WAS,GSW 9.74
0%
99 Chris Clemons 269 5-9 2020 2020 HOU 7.69
0%
100 Chris Garner 267 5-10 1998 2001 TOR,GSW 5.8
0%
115 Courtney Fortson 73 5-11 2012 2012 HOU,LAC 7.3
0%
12 Dana Barros 17189 5-11 1990 2004 SEA,PHI,BOS,DET 19.51
0%
23 Darrick Martin 7631 5-11 1995 2008 MIN,VAN,LAC,SAC,DAL,TOR 14.16
0%
118 David Stockton 43 5-11 2015 2018 SAC,UTA 5.38
0%
102 Dean Oliver 186 5-11 2002 2003 GSW 5.31
0%
79 Dee Gibson 548 5-11 1950 1950 TRI 11.66
0%
73 Del Beshore 648 5-11 1979 1980 MIL,CHI 9.39
0%
80 Dick Groat 533 5-11 1953 1953 FTW 20.5
0%
62 Dino Martin 980 5-8 1947 1948 PRO 10.65
0%
104 Donald Whiteside 159 5-10 1997 1998 TOR,ATL 5.3
0%
95 Donnie Forman 354 5-10 1949 1949 MNL 6.68
0%
55 Earl Shannon 1510 5-11 1947 1949 PRO,BOS 11.27
0%
66 Eddie Hughes 783 5-10 1988 1990 UTA,DEN 7.53
0%
125 Ed Kasid 24 5-11 1947 1947 TRH 3
0%
94 Ed Melvin 355 5-9 1947 1947 PIT 6.23
0%
36 Ernie Calverley 3105 5-10 1947 1949 PRO 18.82
0%
71 Eugene Jeter 680 5-11 2011 2011 SAC 10.97
0%
44 Facundo Campazzo 2328 5-10 2021 2023 DEN,DAL 15.32
0%
69 Frankie Baumholtz 739 5-10 1947 1947 CLR 16.42
0%
139 Frank Mangiapane 5 5-10 1947 1947 NYK 0.83
0%
54 Frank Mason III 1515 5-11 2018 2021 SAC,MIL,ORL 14.43
0%
20 Fred Scolari 10310 5-10 1947 1955 WSC,SYR,BLB,FTW,BOS 17.93
0%
130 Gene Berce 14 5-11 1950 1950 TRI 4.67
0%
108 Gene Ollrich 92 5-11 1950 1950 WAT 6.57
0%
131 Gene Rock 10 5-9 1948 1948 CHS 0.77
0%
76 George Munroe 565 5-11 1947 1948 STB,BOS 6.57
0%
38 Greg Grant 2749 5-7 1990 1996 PHO,NYK,CHH,PHI,DEN,WSB 9.68
0%
138 Hank Biasatti 6 5-11 1947 1947 TRH 1
0%
127 Howard Nathan 20 5-11 1996 1996 ATL 4
0%
96 Howie Carl 323 5-9 1962 1962 CHP 10.42
0%
137 Isaac Walthour 7 5-11 1954 1954 MLH 1.75
0%
78 Jacob Gilyard 555 5-9 2023 2024 MEM,BRK 13.21
0%
112 Jared Harper 81 5-10 2020 2022 PHO,NYK,NOP 5.06
0%
86 Jerry Rullo 426 5-10 1947 1950 PHW,BLB 4.1
0%
32 Jim Les 3657 5-11 1989 1995 UTA,LAC,SAC,ATL 11.29
0%
123 Jimmy Darrow 31 5-10 1962 1962 STL 6.2
0%
45 John Lucas III 2267 5-11 2006 2017 HOU,CHI,TOR,UTA,DET,MIN 9.1
0%
134 Josh Akognon 8 5-11 2013 2013 DAL 2.67
0%
116 Justin Dentmon 56 5-11 2012 2013 SAS,TOR,DAL 7
0%
83 Kay Felder 467 5-9 2017 2018 CLE,CHI,DET 8.05
0%
37 Keith Jennings 2761 5-7 1993 1995 GSW 16.53
0%
26 Kenny Sailors 5185 5-10 1947 1951 CLR,CHS,PHW,PRO,DNN,BLB,BOS 18.65
0%
70 Khalid El-Amin 735 5-10 2001 2001 CHI 14.7
0%
77 Leo Gottlieb 563 5-11 1947 1948 NYK 6.4
0%
58 Leo Kubiak 1112 5-11 1950 1950 WAT 17.94
0%
90 Lionel Malamed 380 5-9 1949 1949 INJ,ROC 8.64
0%
132 Markquis Nowell 9 5-8 2024 2024 TOR 9
0%
89 Markus Howard 386 5-10 2021 2022 DEN 5.01
0%
120 Mel Hirsch 39 5-6 1947 1947 BOS 3
0%
46 Mel Riebe 2072 5-11 1947 1949 CLR,BOS,PRO 13.63
0%
64 Mickey Rottner 846 5-10 1947 1948 CHS 7.42
0%
41 Mike Iuzzolino 2467 5-10 1992 1993 DAL 20.22
0%
67 Mike McCarron 782 5-11 1947 1950 TRH,BLB,STB 11.5
0%
56 Mike Wilks 1458 5-10 2003 2010 ATL,MIN,HOU,SAS,CLE,SEA,DEN,WAS,OKC 6.1
0%
93 Monte Towe 360 5-7 1976 1977 DEN 6.92
0%
72 Murray Wier 653 5-9 1950 1950 TRI 11.07
0%
141 Nat Hickey 2 5-11 1948 1948 PRO 1
0%
98 Nick Shaback 315 5-11 1947 1947 CLR 5.63
0%
101 Petey Rosenberg 212 5-10 1947 1947 PHW 3.53
0%
121 Pickles Kennedy 38 5-11 1961 1961 PHW 5.43
0%
34 Ralph Beard 3573 5-10 1950 1951 INO 26.66
0%
57 Ralph O'Brien 1427 5-9 1952 1953 INO,BLB,FTW 11.7
0%
60 Randy Woods 1052 5-10 1993 1996 LAC,DEN 6.97
0%
92 Ray Wertis 364 5-11 1947 1948 CLR,TRH,PRO 5.13
0%
30 Red Holzman 4193 5-10 1949 1954 ROC,MLH 10.86
0%
122 Red Klotz 37 5-7 1948 1948 BLB 2.18
0%
88 Rollie Seltz 394 5-10 1950 1950 AND 11.59
0%
82 Saul Mariaschin 484 5-11 1948 1948 BOS 10.52
0%
21 Scott Brooks 7967 5-11 1989 1998 PHI,MIN,HOU,DAL,NYK,CLE 11.16
0%
31 Shane Larkin 3732 5-11 2014 2018 DAL,NYK,BRK,BOS 13.87
0%
119 Sherron Collins 40 5-11 2011 2011 CHA 2
0%
9 Slater Martin 17861 5-10 1950 1960 MNL,NYK,STL 21.34
0%
28 Sonny Hertzberg 4295 5-10 1947 1951 NYK,WSC,BOS 13.81
0%
22 Speedy Claxton 7678 5-11 2002 2009 PHI,SAS,GSW,NOH,NOK,ATL 21.09
0%
117 Stan Kimbrough 45 5-11 1990 1993 DET,SAC 3.46
0%
53 Stan Stutz 1677 5-10 1947 1949 NYK,BLB 9.47
0%
47 Steve Henson 1988 5-11 1991 1999 MIL,ATL,CHH,POR,DET 8.15
0%
140 Tommy Kearns 2 5-11 1959 1959 SYR 2
0%
84 Tony Kappen 440 5-10 1947 1947 BOS,PIT 7.46
0%
16 Travis Best 13201 5-11 1996 2005 IND,CHI,MIA,DAL,NJN 17.12
0%
42 Tyler Ulis 2425 5-10 2017 2019 PHO,CHI 18.23
0%
135 Tyson Wheeler 8 5-10 1999 1999 DEN 8
0%
29 Tyus Edney 4265 5-10 1996 2001 SAC,BOS,IND 18.38
0%
136 Wat Misaka 7 5-7 1948 1948 NYK 2.33
0%
25 Whitey Skoog 6284 5-11 1952 1957 MNL 16.76
0%
113 Willie Somerset 78 5-8 1966 1969 BAL 9.75
0%
128 Yuta Tabuse 17 5-9 2005 2005 PHO 4.25
0%
126 Zeke Sinicola 21 5-10 1952 1954 FTW 1.75
0%
No matching quizzes found
Score Distribution
Percent of People with Each Score
Percentile by Number Answered
Your Score History
You have not taken this quiz